Statistics for Top 5 NFL Players ever to play for the Falcons

Click here to take the quiz!

General Stats

  • This quiz has been taken 25 times
  • The average score is 4 of 5

Answer Stats

CareerPos.Player% Correct
1989-1993CBDeion Sanders
95%
2009-2013TETony Gonzalez
91%
2014-205KRDevin Hester
86%
1991QBBrett Favre
55%
1993RBEric Dickerson
32%

Score Distribution

Percentile by Number Answered

Percent of People with Each Score

Your Score History

You have not taken this quiz